Stacje i przystanki osobowe PKP PLK w małopolskim - Statystyki

Ogólne statystyki
  • Ten quiz został rozwiązany 18 razy
  • Średni wynik to 88 z 221
Statystyki odpowiedzi
Stacja % Poprawnych
Kraków Główny
100%
Kraków Grzegórzki
100%
Kraków Płaszów
100%
Nowy Sącz
100%
Oświęcim
100%
Skawina
100%
Tarnów
100%
Zakopane
100%
Bochnia
93%
Kraków Bieżanów
93%
Kraków Łobzów
93%
Kraków Prokocim
93%
Krynica-Zdrój
93%
Nowy Targ
93%
Wieliczka Rynek Kopalnia
93%
Chrzanów
86%
Kraków Batowice
86%
Kraków Bieżanów Drożdżownia
86%
Kraków Łagiewniki
86%
Kraków Lotnisko
86%
Kraków Sanktuarium
86%
Miechów
86%
Podłęże
86%
Wadowice
86%
Brzesko Okocim
79%
Kraków Bonarka
79%
Kraków Bronowice
79%
Kraków Mydlniki
79%
Kraków Mydlniki Wapiennik
79%
Kraków Nowa Huta
79%
Kraków Sidzina
79%
Kraków Swoszowice
79%
Kraków Zabłocie
79%
Krzeszowice
79%
Stary Sącz
79%
Sucha Beskidzka
79%
Tarnów Mościce
79%
Trzebinia
79%
Andrychów
71%
Grybów
71%
Kokotów
71%
Kraków Podgórze
71%
Maków Podhalański
71%
Muszyna
71%
Rabka-Zdrój
71%
Słomniki
71%
Sucha Beskidzka Zamek
71%
Tuchów
71%
Tunel
71%
Bobowa
64%
Chabówka
64%
Chrzanów Śródmieście
64%
Gorlice Zagórzany
64%
Kalwaria Zebrzydowska Lanckorona
64%
Kęty
64%
Kłaj
64%
Kraków Olszanica
64%
Kraków Opatkowice
64%
Kraków Piastów
64%
Kraków Złocień
64%
Libiąż
64%
Olkusz
64%
Poronin
64%
Węgrzce Wielkie
64%
Wieliczka Bogucice
64%
Wieliczka Park
64%
Zabierzów
64%
Zator
64%
Biały Dunajec
57%
Bobowa-Miasto
57%
Bogumiłowice
57%
Brzeszcze
57%
Chabówka Stadion
57%
Dulowa
57%
Kraków Lubocza
57%
Kraków Przylasek
57%
Niedźwiedź
57%
Rabka Zaryte
57%
Skawina Jagielnia
57%
Słomniki Miasto
57%
Staniątki
57%
Zastów
57%
Balin
50%
Barwałd Górny
50%
Barwałd Średni
50%
Biecz
50%
Kraków Kościelniki
50%
Piwniczna
50%
Podolany
50%
Radziszów
50%
Rudawa
50%
Rzezawa
50%
Wola Filipowska
50%
Wola Radziszowska
50%
Chełmek
43%
Jasień Brzeski
43%
Jordanów
43%
Kozłów
43%
Kraków Młynówka
43%
Kraków Zakliki
43%
Piwniczna-Zdrój
43%
Wielkie Drogi
43%
Wola Radziszowska Lipki
43%
Zabierzów Rząska
43%
Zator Park Rozrywki
43%
Brzeszcze Jawiszowice
36%
Hucisko
36%
Leńcze
36%
Milik
36%
Pisary
36%
Radziszów Centrum
36%
Rytro
36%
Stanisławice
36%
Stróże
36%
Szarów
36%
Wadowice Osiedle Podhalanin
36%
Wolbrom
36%
Biadoliny
29%
Bogoniowice Ciężkowice
29%
Bukowno
29%
Cikowice
29%
Goszcza
29%
Muszyna Zdrój
29%
Powroźnik
29%
Raba Wyżna
29%
Sterkowiec
29%
Włosienica
29%
Zembrzyce
29%
Brzeźnica
21%
Bulowice
21%
Chojnik
21%
Gorzów Chrzanowski
21%
Inwałd
21%
Jaśkowice
21%
Klecza Dolna
21%
Klecza Górna
21%
Nowy Sącz Biegonice
21%
Osielec
21%
Podbory Skawińskie
21%
Rzozów
21%
Sieniawa
21%
Skawa
21%
Skawina Zachodnia
21%
Spytkowice
21%
Stryszów
21%
Wolbrom Zachodni
21%
Baranówka
14%
Chocznia
14%
Kamionka Wielka
14%
Lasek
14%
Łowczów
14%
Łowczówek Pleśna
14%
Nowy Sącz Gorzków
14%
Nowy Sącz Jamnica
14%
Poronin Misiagi
14%
Pstroszyce
14%
Ptaszkowa
14%
Ryczów
14%
Rzozów Centrum
14%
Skawa Środkowa
14%
Smroków
14%
Stronie
14%
Wilczyska
14%
Żegiestów
14%
Żegiestów-Zdrój
14%
Andrychów Górnica
7%
Andrzejówka
7%
Charsznica
7%
Chocznia Górna
7%
Gromnik
7%
Juszczyn
7%
Kalawaria Zebrzydowska
7%
Kęty Podlesie
7%
Kłokowa
7%
Lachowice
7%
Lachowice Centrum
7%
Łomnica-Zdrój
7%
Lubaszowa
7%
Łuczyce
7%
Nowy Sącz Dąbrówka
7%
Pławna
7%
Polna
7%
Przeciszów
7%
Przytkowice
7%
Pyzówka
7%
Rokiciny Podhalańskie
7%
Spytkowice Kępki
7%
Stryszawa
7%
Szalowa
7%
Wałki
7%
Wierchomla Wielka
7%
Wola Rzędzińska
7%
Zamek Bulowicki
7%
Zelczyna
7%
Bańska Niżna
0%
Barcice
0%
Bukowno Przymiarki
0%
Bystra Podhalańska
0%
Chrząstowice Olkuskie
0%
Dąbrówka Jezioro Mucharskie
0%
Dwory
0%
Gajówka
0%
Jankowa
0%
Jaroszowiec Olkuski
0%
Jawiszowice Jaźnik
0%
Jeżówka
0%
Kamieńczyce
0%
Kojszówka
0%
Kurów Suski
0%
Libusza
0%
Młodów
0%
Moszczenica Małopolska
0%
Mszalnica
0%
Półwieś
0%
Siedlisko koło Tuchowa
0%
Szaflary Centrum
0%
Szczepanowice
0%
Szflary
0%
Wola Łużańska
0%
Zarzecze
0%
Zubrzyk
0%
Nie znaleziono quizów pasujących do podanych kryteriów
Rozkład punktacji
Procent ludzi z każdym wynikiem
Percentyl według liczby udzielonych odpowiedzi
Twoja historia wyników
Nie rozwiązałeś tego quizu